| 000 | 01576nam a2200325 a 4500 | ||
|---|---|---|---|
| 001 | 000045761 | ||
| 003 | DO-SdBPM | ||
| 005 | 20260429091852.0 | ||
| 008 | 150511s2015 dr r 000 0 spa d | ||
| 020 | _a9789945404975 | ||
| 040 |
_aDO-SdBPM _bspa _cBPMSU _drda |
||
| 082 | 0 | 4 |
_aRD864.08 _bB828g 2015 _222 |
| 100 | 1 |
_aBrea Franco, Luis O. _d1946- _4aut. _eautor |
|
| 245 | 1 | 0 |
_aGlobal y diferente : _bantología de ensayos de varia lección / _cLuis O. Brea Franco. |
| 260 | _b | ||
| 264 |
_aSanto Domingo : _bMinisterio de Cultura, _c2015. |
||
| 300 |
_a194 páginas ; _c22 cm. |
||
| 336 |
_atexto _btxt _2rdacontent |
||
| 337 |
_asin mediación _bn _2rdamedia |
||
| 338 |
_avolumen _bnc _2rdacarrier |
||
| 500 | _aIncluye datos biografícos del autor en las solapas. | ||
| 503 | _aIncluye referencias bibliográficas y notas al pie de las páginas. | ||
| 505 | 0 | _aIndice de contenido -- Epígrafes -- Dedicatoria -- Prólogo -- Filosofía, pensamiento crítico y educación -- Apuntes sobre la necesidad de la filosofía para nuestra época -- Sobre los premios literarios y su función social -- Aproximación a la mentalidad del populismo ruso del siglo XIX -- Apuntes sobre el significado de moderno en el tiempo de Andrés López de Medrano -- La cultura y la identidad en un mundo globalizado --. | |
| 590 | _aInventariado, 2026/ VM | ||
| 650 | 7 |
_aEnsayos dominicanos _vColecciones |
|
| 650 | 7 |
_aFilosofía _xHistoria y crítica |
|
| 650 | 7 |
_aLiteratura dominicana _xHistoria y crítica |
|
| 910 | _aVMateo V. Control de calidad. BPMSU | ||
| 942 |
_2ddc _cBK |
||
| 999 |
_c15805 _d15805 |
||